| 000 | 01002cam a2200217 a 4500 | ||
|---|---|---|---|
| 005 | 20200104041513.0 | ||
| 008 | t00001998ck abc s 0 spa d | ||
| 040 |
_aCO-BoPUJ _cCO-BoIAVH _dCO-BoIAVH |
||
| 041 | 0 | _aspa | |
| 044 | _ack | ||
| 082 | 0 | 4 |
_a333.7 _bC39a |
| 110 | 2 | _aCentro Internacional de Agricultura Tropical (CIAT) | |
| 245 | 1 | 0 |
_aAtlas de indicadores ambientales y de sustentabilidad para America Latina y Caribe _cCentro Internacional de Agricultura Tropical |
| 260 |
_aCali (Colombia) : _bCentro Internacional de Agricultura Tropical (CIAT) : _bPrograma de las Naciones Unidas para el Medio Ambiente, _c1998. |
||
| 300 |
_a40 páginas : _bilustraciones, mapas y retratos ; _c28 x 22 cm.+ _e1 CD-ROM |
||
| 650 | 2 | 6 |
_aMedio ambiente _vestadísticas |
| 650 | 2 | 6 | _aDesarrollo sostenible |
| 650 | 2 | 6 |
_aMedio ambiente _xIndicadores _zAmérica Latina y el caribe _vAtlas |
| 710 | 2 | _aPrograma de las Naciones Unidas para el Medio Ambiente | |
| 942 |
_2ddc _cLIBRO |
||
| 999 |
_c623 _d623 |
||